Mario - Tous les Personnages [avec image] - Statistiques

Statistiques générales
  • Ce quiz a été pris 43 fois
    13 depuis la dernière actualisation
  • Le résultat moyen est 113 sur 475
Statistiques - réponses
Par images Réponse % Correct
Donkey Kong
100%
Luigi
100%
Mario
100%
Pauline
100%
Koopa Troopa
89%
Princesse Peach
89%
Toad
89%
Bébé Daisy
78%
Bébé Luigi
78%
Bébé Peach
78%
Birdo
78%
Bowser
78%
Bowser Jr.
78%
Diddy Kong
78%
Funky Kong
78%
Harmonie
78%
Iggy Koopa
78%
Kat & Ana
78%
Lakitu
78%
Larry Koopa
78%
Mario de feu
78%
Mario de métal
78%
Maskass
78%
Princesse Daisy
78%
Rex
78%
Roy Koopa
78%
Toadette
78%
Waluigi
78%
Yoshi
78%
Bébé Donkey Kong
67%
Bébé Harmonie
67%
Bébé Mario
67%
Bébé Wario
67%
Bobby
67%
Bob-Omb
67%
Bonhomme de neige
67%
Boo
67%
Bowser de Papier
67%
Dr.Mario
67%
Flora Piranha
67%
Goomba
67%
Lemmy Koopa
67%
Ludwig von Koopa
67%
Luigi de Papier
67%
Mario de Papier
67%
Mario Tanuki
67%
Morton Koopa Jr.
67%
Mr. Œil
67%
Ninji
67%
Pingouin
67%
Princesse Peach de Papier
67%
Spike
67%
Spike
67%
Thwomp
67%
Vache
67%
Wario
67%
Wendy O. Koopa
67%
Wiggler
67%
Bébé Luma
56%
Bébé Yoshi
56%
Bloups
56%
Bowser Skelet
56%
Chain Chomp
56%
Cheep-Cheep
56%
Cranky Kong
56%
Dixie Kong
56%
Donkey Kong Jr.
56%
Frère Boomerang
56%
Frère Marto
56%
Frère Pyro
56%
Kamek
56%
Luigi de feu
56%
Luma
56%
Mario chat
56%
Mario d'or
56%
Papy Champi
56%
Paratroopa
56%
Peach chat
56%
Peach d'or rose
56%
Plante Piranha
56%
Plessie
56%
Pokey
56%
Roi Bob-Omb
56%
Roi Boo
56%
Roi Whomp
56%
Skelerex
56%
Topi Taupe
56%
Wart
56%
Whomp
56%
Zarbipas
56%
Bébé Bowser
44%
Bébé Waluigi
44%
Boum Boum
44%
Bowser en furie
44%
Candy Kong
44%
Carottin
44%
Catacouac
44%
Fuzzy
44%
Harmonie chat
44%
Harmonie de feu
44%
Harmonie Tanuki
44%
Hériss
44%
J.E.T.
44%
Luigi chat
44%
Luigi d'argent
44%
Luigi de Glace
44%
Luigi Nuage
44%
Luigi pingouin
44%
Mario de Glace
44%
Mario fantôme
44%
Mario-Marteau
44%
Mario Nuage
44%
Mario pingouin
44%
Paragoomba
44%
Peach de feu
44%
Pianta
44%
Poochy
44%
Poum Poum
44%
Professeur K. Tastroff
44%
Swooper
44%
Toad chat
44%
Toad de feu
44%
Toad pingouin
44%
Toad Tanuki
44%
Torti Taupe
44%
Bélixo
33%
Bill Bourrin
33%
Bill Dozer
33%
Cappy
33%
Coccinelly
33%
Congélo
33%
Crapognon
33%
Dauphin
33%
Dranguille
33%
Flonflon
33%
Frère Sumo
33%
Galoomba
33%
Goombario
33%
Hélico Maskass
33%
Lakilester
33%
Luigi Ballon
33%
Luigi cape
33%
Luigi fantôme
33%
Luigi Hélice
33%
Mario abeille
33%
Mario Ailé
33%
Mario Ballon
33%
Mario cape
33%
Mario-Grenouille
33%
Mario Hélice
33%
Mario Invincible
33%
Mario raton-laveur
33%
Mechakoopa
33%
Mips
33%
Ossec
33%
Oursin
33%
Paracoccinelly
33%
Peach Tanuki
33%
Rambi le rhinocéros
33%
Reine des Abeilles
33%
Sphynx
33%
Squawks le perroquet
33%
Sushi
33%
Tatanga
33%
Toadette de feu
33%
Toad Hélice
33%
Ukiki
33%
Voyou
33%
Amp
22%
Animateur Snifit
22%
Bill Balle
22%
Bob-Omb rose
22%
Boshi
22%
Bowser chat
22%
Bruyinsecte
22%
Butitine
22%
Capitaine Toad
22%
Cheep Chomp
22%
Daisy éléphant
22%
Dino Piranha
22%
Dorrie
22%
Ectochien
22%
Fleur cancan
22%
Gluigi
22%
Goomboss
22%
Harmonie Boomerang
22%
King K.Rool
22%
Koopek
22%
Lubba
22%
Luigi abeille
22%
Luigi éléphant
22%
Luigi foreuse
22%
Luigi Ressort
22%
Luigi Statue
22%
Luigi Volant
22%
Magikoopa
22%
Mario de pierre
22%
Mario éléphant
22%
Mario foreuse
22%
Mario Ressort
22%
Mario Statue
22%
Mario Volant
22%
Muncher
22%
Noki
22%
Paltrak
22%
Parakarry
22%
Peach Boomerang
22%
Peach éléphant
22%
Peachette
22%
Peach foreuse
22%
Pico Condor
22%
Pokey des neiges
22%
Pyro Piranha
22%
Tiny Kong
22%
Toad bleu
22%
Toad Boomerang
22%
Toad cape
22%
Toad de Glace
22%
Toadette Ballon
22%
Toadette chat
22%
Toadette de Glace
22%
Toadette Hélice
22%
Toadette pingouin
22%
Toad jaune
22%
Virus
22%
Wrinkly Kong
22%
Ambre Brusquade
11%
Arayée
11%
Bandit
11%
Boolossus
11%
Carottin Ballon
11%
Chocosta
11%
Chomp Pyro
11%
Cigogne
11%
Daisy Ballon
11%
Daisy bulles
11%
Daisy de feu
11%
Daisy foreuse
11%
Dame Bouh
11%
Dame Syrah
11%
Dendinard
11%
Dimensio
11%
Fourmili
11%
Frère Cryo
11%
Frère Mastoc
11%
Gargantulus
11%
Geno
11%
Giga Bowser
11%
Giga Mario chat
11%
Goombette
11%
Hariet
11%
Il Piantissimo
11%
Jaxi
11%
Kiddy Kong
11%
Klepto
11%
Kooper
11%
Luigi Boomerang
11%
Luigi bulles
11%
Luigi de pierre
11%
Luigi écureuil volant
11%
Luigi ouvrier
11%
Luigi renard
11%
Lune
11%
Madame Broode
11%
Madame Clairvue
11%
Mario Boomerang
11%
Mario bulles
11%
Mario écureuil volant
11%
Mario ouvrier
11%
Martin Tamarre & Gai Lurin
11%
Ma'tuvu
11%
Mecha Cheep
11%
Méga Bloups
11%
Mini-Bowser
11%
Paraskelerex
11%
Peach Ballon
11%
Peach bulles
11%
Picos
11%
Podoboo
11%
Poplin
11%
Porc Kipic
11%
Prince Florian
11%
Rango
11%
Recrue poplin
11%
Roi Mambaristo
11%
Roi Olly
11%
Sagétoile
11%
Soleil
11%
Spewart
11%
Stella
11%
Super Koopa
11%
Sushie
11%
Swanky Kong
11%
Tiara
11%
Tippi
11%
Toad Ballon
11%
Toad bulles
11%
Toad écureuil volant
11%
Toad éléphant
11%
Toadette Boomerang
11%
Toadette bulles
11%
Toadette cape
11%
Toadette éléphant
11%
Toadette foreuse
11%
Toadette ouvrière
11%
Toad foreuse
11%
Toad ouvrier
11%
Tumble
11%
Yoshi Ballon
11%
Zuituzèc
11%
Alfronce
0%
Ampéria
0%
Antasma
0%
Aquaraignée
0%
Arato
0%
Ashley
0%
Astre Noir
0%
Avalave
0%
Avalave des sables
0%
Barjo Daisy
0%
Batadon
0%
Bébé Bloups
0%
Billy Banane
0%
Bombart
0%
Bombinette
0%
Boo-bomb
0%
Boohemoth
0%
Boo pêcheur
0%
Booster
0%
Booxeur
0%
Bowsémona
0%
Bwoosh
0%
Captaine Syrup
0%
Carbocroc
0%
Carmina
0%
Célestin
0%
Chapiforme
0%
Charlie Bloc
0%
Charvaargh
0%
Cheep Kipik
0%
Chompi
0%
Chunky Kong
0%
Collette
0%
Comte Niark
0%
Couchomb
0%
Cruxéroce
0%
Cruxinistre
0%
Cumulia
0%
Dino Piranha Jr.
0%
Dino-Rhino
0%
Draggadon
0%
Étoile d'or
0%
Flexcible
0%
Forgeroi
0%
Fourretout
0%
Frère Marto Volant
0%
Frouchotte
0%
Garde-à-boue
0%
Globuloboss
0%
Goinfre Luma
0%
Goomba Casqué
0%
Goomba Citrouille
0%
Goombalisson
0%
Goomb'os
0%
Goomélie
0%
Gracowitz
0%
Graguémona
0%
Gros Bélixo
0%
Grumpy Kong
0%
Jacoco
0%
Jardien
0%
Jimmy T
0%
Kab-omb
0%
Kammy Koopa
0%
Koopa Junior
0%
Kopo
0%
Kritter
0%
Kylie Koopa
0%
Lanky Kong
0%
Lapin Stellaire
0%
Le Mystérieux
0%
Lophius
0%
Luigi Kitsune
0%
Luméduse
0%
Mallow
0%
Marilyne
0%
Mario en fleur
0%
Marjolène
0%
Mashiko
0%
Mégapod
0%
Métaboss
0%
Mini-Bowser
0%
Mini-Bowser Jr.
0%
Mini-Diddy Kong
0%
Mini-Donkey Kong
0%
Mini-Harmonie
0%
Mini-Luigi
0%
Mini-Mario
0%
Mini-Pauline
0%
Mini-Peach
0%
Mini-Toad
0%
Mini-Yoshi
0%
Mister L
0%
Momimoi
0%
Mona
0%
Monsieur Bontuyau
0%
Mordrène
0%
New Donker
0%
Nipper
0%
Olivia
0%
Oméga
0%
Oscar
0%
Papillette
0%
Parabruyinsecte
0%
Pargne
0%
Peinturion
0%
Perry
0%
Pétillopode
0%
Petit oiseau
0%
Phanto
0%
Pincemi
0%
Pinglisse
0%
Plante Piranh'os
0%
Plumy
0%
Podkol
0%
Polta
0%
Poppy Kong
0%
Poulba
0%
Poulbi
0%
Poulbob
0%
Poulboo
0%
Poulpoboss
0%
Pousse Piranha
0%
Prince Harik
0%
Princesse Libella
0%
Princesse Xhampi
0%
Prince Tédibert
0%
Professeur Toad
0%
PtiYoshi
0%
Ptooie
0%
Rapaf
0%
Raplapla
0%
Raton Laveur
0%
Reine des ténèbres
0%
Reine Végélia
0%
Reznor
0%
Robby
0%
Robelaise
0%
Robot Mario
0%
Roulécrac
0%
Rumpel
0%
Scaraboss
0%
Séléna
0%
Solima
0%
Spikaglass
0%
Spikaroc
0%
Squiggler
0%
Ted Torpille
0%
Théâtrin
0%
Tiki Tong
0%
Toadette écureuil volant
0%
Tokotoko
0%
Topper
0%
Tour Goomba
0%
Undodog
0%
Viviane
0%
Void Kong
0%
Voltfas
0%
Wanda
0%
Watt
0%
Wingo
0%
Woosh
0%
Xhampi
0%
Yamamura
0%
Yoob
0%
Aucun quiz correspondant
Distribution des résultats
% des personnes avec chaque résultat
Percentile par nombre de réponses
Votre historique - résultats
Vous n’avez pas pris ce quiz depuis la dernière actualisation